000 01364nam a2200373 a 4500
001 ebr10427272
003 CaPaEBR
006 m u
007 cr cn|||||||||
008 081215s2008 enk sb 001 0 eng
010 _z 2008301202
015 _aGBA866485
_2bnb
016 7 _z014614806
_2Uk
020 _z0826496474
020 _z9780826496478
020 _z0826496482 (pbk.)
020 _z9780826496485 (pbk.)
040 _aCaPaEBR
_cCaPaEBR
035 _a(OCoLC)676696384
050 1 4 _aPS3573.I45677
_bF427 2008eb
082 0 4 _a812.54
_222
100 1 _aMenson-Furr, Ladrica C.
245 1 0 _aAugust Wilson's Fences
_h[electronic resource] /
_cLadrica Menson-Furr.
260 _aLondon ;
_aNew York :
_bContinuum,
_cc2008.
300 _avii, 107 p.
490 1 _aContinuum modern theatre guides
504 _aIncludes bibliographical references (p. [95]-104) and index.
533 _aElectronic reproduction.
_bPalo Alto, Calif. :
_cebrary,
_d2013.
_nAvailable via World Wide Web.
_nAccess may be limited to ebrary affiliated libraries.
600 1 0 _aWilson, August.
_tFences.
655 7 _aElectronic books.
_2local
710 2 _aebrary, Inc.
830 0 _aContinuum modern theatre guides.
856 4 0 _uhttp://site.ebrary.com/lib/rucke/Doc?id=10427272
_zAn electronic book accessible through the World Wide Web; click to view
999 _c144123
_d144123